000 00600nam a2200277Ia 4500
005 20260401122312.0
008 008 250103s9999 xx 000 0 eng d
020 _a9780521549448
037 _aTB
040 _aEDL
040 _beng
040 _cEDL
041 _2eng
041 _aeng
084 _a821.5 ROG
084 _qEDL
245 0 _aCambridge Companion to Alexander Pope
260 _aU.K
260 _bCambridge University Press
260 _c2007
300 _a255p
942 _cTB
942 _h821.5 ROG
999 _c1846365
_d1846365